Game of Thrones: Dead or Alive? - Sudden Death - Statistics

General Stats
  • This quiz has been taken 282 times
  • The average score is 11 of 15
Answers on the Grid
Answers color-coded by a green-red scale on the quiz's grid according to % correct below.
Theon Greyjoy
Robb Stark
Ned Stark
Robert Baratheon
Margaery Tyrell
Jaime Lannister
Joffrey Baratheon
Stannis Baratheon
Sandor Clegane
Oberyn Martell
Daenerys Targaryen
Rickon Stark
Khal Drogo
Ygritte
Petyr Baelish
Arya Stark
Brienne of Tarth
Tormund Giantsbane
Grey Worm
Sansa Stark
Bran Stark
Bronn
Davos Seaworth
Jon Snow
Gilly
Samwell Tarly
Yara Greyjoy
Podrick Payne
Tyrion Lannister
Gendry Baratheon
 
Answer Stats
Answer % Correct
Khal Drogo
80%
Joffrey Baratheon
78%
Ned Stark
77%
Robb Stark
77%
Daenerys Targaryen
76%
Margaery Tyrell
74%
Oberyn Martell
74%
Robert Baratheon
74%
Petyr Baelish
73%
Stannis Baratheon
73%
Ygritte
73%
Rickon Stark
72%
Jaime Lannister
71%
Sandor Clegane
71%
Theon Greyjoy
63%
No matching quizzes found
Score Distribution
Percent of People with Each Score
Percentile by Number Answered
Your Score History
You have not taken this quiz